00308pab a2200121 454500008004000000100002000040245004300060260000900103300001600112362001100128650001300139773003400152180718b2004 xxu||||| |||| 00| 0 eng d aRastogi, Anupam aRaising resources for railway projects c2004 ap.2503-510. a12 Jun aRailways aEconomic and Political Weekly